[Event "IM Marmaris Karia V 2019"]
[Site "Marmaris"]
[Date "2019.03.09"]
[Round "2.3"]
[White "Szabo, Bence"]
[Black "Uzumcu, Ahmet Utku"]
[Result "1/2-1/2"]
[WhiteElo "2376"]
[BlackElo "2211"]
[Annotator "NA"]
[PlyCount "49"]
[EventDate "2019.03.09"]
[EventType "schev"]
[EventCountry "TUR"]
[SourceTitle "playchess.com"]
[Source "ChessBase"]
[SourceQuality "1"]
[TimeControl "5400+30"]

1. c4 {[%emt 0:00:30]} Nf6 {[%emt 0:00:30]} 2. g3 {[%emt 0:00:30]} g6 {[%emt 0:00:30]} 3. Bg2 {[%emt 0:00:30]} d5 {[%emt 0:00:30]} 4. cxd5 {[%emt 0:00:30]} Nxd5 {[%emt 0:00:00]} 5. Nc3 {[%emt 0:00:30]} Nb6 {[%emt 0:00:00]} 6. Nf3 {[%emt 0:01:30]} Bg7 {[%emt 0:01:30]} 7. d3 {[%emt 0:00:30]} Nc6 {[%emt 0:01:30]} 8. Be3 {[%emt 0:00:30]} Nd4 {[%emt 0:02:30]} 9. Nxd4 {[%emt 0:05:30]} Bxd4 {[%emt 0:00:30]} 10. Bxd4 {[%emt 0:00:30]} Qxd4 {[%emt 0:00:00]} 11. O-O {[%emt 0:00:30]} c6 {[%emt 0:02:00]} 12. Rc1 {[%emt 0:02:30]} O-O {[%emt 0:01:30]} 13. Qc2 {[%emt 0:04:30]} Bf5 {[%emt 0:00:30]} 14. Ne4 {[%emt 0:07:30]} Rfd8 {[%emt 0:05:30]} 15. a3 {[%emt 0:07:30]} h6 {[%emt 0:03:30]} 16. Nc5 {[%emt 0:00:30]} Rab8 {[%emt 0:02:30]} 17. b4 {[%emt 0:03:30]} a6 {[%emt 0:01:30]} 18. Rfd1 {[%emt 0:07:30]} Nd7 {[%emt 0:04:30]} 19. Nb3 {[%emt 0:01:30]} Qd6 {[%emt 0:00:30]} 20. h3 {[%emt 0:13:30]} e5 {[%emt 0:04:30]} 21. Qb2 {[%emt 0:06:30]} Be6 {[%emt 0:02:30]} 22. Na5 {[%emt 0:02:30]} Nb6 {[%emt 0:03:30]} 23. Qd2 {[%emt 0:15:35]} Kh7 {[%emt 0:01:30]} 24. Qe3 {[%emt 0:00:54]} Qd4 {[%emt 0:03:30]} 25. Qd2 {[%emt 0:02:05]} 1/2-1/2

[Event "IM Marmaris Karia V 2019"]
[Site "Marmaris"]
[Date "2019.03.09"]
[Round "2.4"]
[White "Dimitrijevic, Aleksandra"]
[Black "Haussernot, Cecile"]
[Result "1/2-1/2"]
[WhiteElo "2139"]
[BlackElo "2144"]
[Annotator "NA"]
[PlyCount "75"]
[EventDate "2019.03.09"]
[EventType "schev"]
[EventCountry "TUR"]
[SourceTitle "playchess.com"]
[Source "ChessBase"]
[SourceQuality "1"]
[TimeControl "5400+30"]

1. e4 {[%emt 0:00:30]} c5 {[%emt 0:00:30]} 2. Na3 {[%emt 0:00:00]} Nf6 {[%emt 0:03:30]} 3. e5 {[%emt 0:08:00]} Nd5 {[%emt 0:00:30]} 4. g3 {[%emt 0:00:30]} Nc6 {[%emt 0:00:30]} 5. Bg2 {[%emt 0:00:00]} Nc7 {[%emt 0:01:30]} 6. Nf3 {[%emt 0:02:00]} b5 {[%emt 0:01:30]} 7. O-O {[%emt 0:00:30]} e6 {[%emt 0:02:30]} 8. d4 {[%emt 0:01:30]} h6 {[%emt 0:05:30]} 9. c4 {[%emt 0:07:30]} bxc4 {[%emt 0:06:30]} 10. Nxc4 {[%emt 0:01:30]} Ba6 {[%emt 0:01:30]} 11. Nd6+ {[%emt 0:08:30]} Bxd6 {[%emt 0:00:30]} 12. exd6 {[%emt 0:00:30]} Nd5 {[%emt 0:00:30]} 13. Re1 {[%emt 0:00:30]} c4 {[%emt 0:00:30]} 14. Ne5 {[%emt 0:00:30]} Nxe5 {[%emt 0:02:30]} 15. Bxd5 {[%emt 0:02:30]} Nd3 {[%emt 0:00:30]} 16. Rxe6+ {[%emt 0:13:30]} dxe6 {[%emt 0:11:30]} 17. Qa4+ {[%emt 0:00:30]} Kf8 {[%emt 0:00:30]} 18. Bxa8 {[%emt 0:00:30]} Qxa8 {[%emt 0:08:30]} 19. Qxa6 {[%emt 0:00:00]} Ne1 {[%emt 0:00:00]} 20. Kf1 {[%emt 0:00:00]} Nc2 {[%emt 0:01:00]} 21. d7 {[%emt 0:18:30]} Ke7 {[%emt 0:06:30]} 22. Bf4 {[%emt 0:00:30]} Nxa1 {[%emt 0:02:30]} 23. Qd6+ {[%emt 0:02:30]} Kf6 {[%emt 0:00:00]} 24. h4 {[%emt 0:02:30]} Rd8 {[%emt 0:06:00]} 25. Be5+ {[%emt 0:00:30]} Kg6 {[%emt 0:00:30]} 26. Qe7 {[%emt 0:00:30]} Nc2 {[%emt 0:29:27]} 27. h5+ {[%emt 0:00:30]} Kh7 {[%emt 0:01:03]} 28. Qxf7 {[%emt 0:01:30]} Ne3+ {[%emt 0:00:30]} 29. Ke2 {[%emt 0:00:30]} Nf5 {[%emt 0:00:30]} 30. Qg6+ {[%emt 0:00:30]} Kh8 {[%emt 0:00:30]} 31. Qxe6 {[%emt 0:00:00]} Rf8 {[%emt 0:01:27]} 32. d5 {[%emt 0:01:00]} Qd8 {[%emt 0:05:37]} 33. g4 {[%emt 0:00:30]} Qh4 {[%emt 0:00:06]} 34. gxf5 {[%emt 0:00:30]} Qe4+ {[%emt 0:00:05]} 35. Kf1 {[%emt 0:00:30]} Qh1+ {[%emt 0:00:38]} 36. Ke2 {[%emt 0:00:30]} Qe4+ {[%emt 0:00:12]} 37. Kf1 {[%emt 0:00:00]} Qh1+ {[%emt 0:00:04]} 38. Ke2 {[%emt 0:00:00]} 1/2-1/2

[Event "IM Marmaris Karia V 2019"]
[Site "Marmaris"]
[Date "2019.03.09"]
[Round "2.5"]
[White "Nagy, Gabor"]
[Black "Ozkan, Taha"]
[Result "1-0"]
[WhiteElo "2487"]
[BlackElo "2019"]
[Annotator "TA"]
[PlyCount "105"]
[EventDate "2019.03.09"]
[EventType "schev"]
[EventCountry "TUR"]
[SourceTitle "playchess.com"]
[Source "ChessBase"]
[SourceQuality "1"]

{[%evp 9,105,25,39,39,31,29,80,74,86,81,87,97,96,95,87,46,54,40,83,86,97,86,107,112,105,98,99,78,87,69,73,69,64,16,39,53,47,50,106,48,86,43,90,70,53,18,12,0,34,-10,-14,-6,8,8,27,25,66,39,119,118,103,112,222,176,464,456,458,446,425,427,408,175,195,175,385,154,154,154,909,899,1512,1331,29966,29968,29973,29973,29979,29980,29985,29982,29986,29987,29986,29984,29984,29985,29985,29985]} 1. Nf3 d5 2. g3 c6 3. Bg2 Nd7 4. d4 e6 5. O-O f5 (5... Ngf6 6. c4 dxc4 7. Bg5 b5 8. Ne5 Bb7 9. a4 Qc8 10. b3 Nxe5 11. dxe5 Nd7 12. bxc4 b4 13. Nd2 c5 14. Bxb7 Qxb7 {0-1 (49) Wang,Y (2716)-Timofeev,A (2690) Ningbo 2010}) 6. c4 {A07: Réti Opening: New York and Capablanca Systems} Ngf6 7. Ng5 Qe7 (7... Nb6 $11) 8. b3 $146 {White is better.} ({Predecessor:} 8. Nc3 h6 9. Nf3 g5 10. Qc2 Qh7 11. b3 Be7 12. a4 a5 13. Ba3 Bxa3 14. Rxa3 {1-0 (48) Schriebl,A (2085)-Lamb,H (2179) Graz 2005}) 8... Ne4 9. Nxe4 dxe4 10. f3 exf3 11. exf3 Qf6 12. Nc3 Bb4 13. Bb2 O-O 14. f4 Rd8 15. Kh1 Nf8 16. Qe2 Qf7 17. Nd1 Be7 18. Nf2 Bf6 19. Rad1 Qc7 20. Rd2 b6 21. g4 Bb7 22. g5 Be7 23. Nd3 Re8 ({Black should play} 23... c5 $14) 24. Ne5 (24. h4 $16) 24... c5 25. d5 Rad8 26. Qh5 {[#] Threatening mate with Qf7+.} Bd6 27. Rfd1 exd5 28. cxd5 Bxe5 (28... Ng6 $5 29. Nxg6 Qf7 $11 {[%mdl 64] Pin}) 29. fxe5 Ng6 30. Re1 $36 {[%mdl 2048] White fights for an advantage.} Nf4 31. Qf3 Nxd5 {White must now prevent ...Nb4.} 32. Red1 {[%cal Rd2d5]} Qf7 33. Kg1 Re7 (33... Kf8 $14) 34. Rxd5 Bxd5 35. Rxd5 Rxd5 (35... Red7 $16 {was necessary.} 36. Rd6 Qe7) 36. Qxd5 $18 Qxd5 $2 (36... Kf8 {keeps fighting.}) 37. Bxd5+ Kf8 {[#]} 38. e6 $1 Re8 39. Be5 {And now Bd6+ would win.} Rd8 40. Bc6 (40. Bc4 $142) 40... Ke7 41. Bd7 h6 $2 (41... Rxd7 {was called for.} 42. exd7 g6) 42. h4 (42. g6 $18 {has better winning chances.}) 42... hxg5 $16 43. hxg5 Rg8 $2 (43... Rxd7 $16 44. exd7 g6) 44. Kf2 $18 a6 45. Ke3 g6 46. Kf4 {White mates.} Ra8 47. Bc7 b5 48. Ke5 f4 49. Bd6+ Kd8 50. Bc6 Ra7 51. Kf6 c4 52. bxc4 bxc4 53. e7+ {Accuracy: White = 55%, Black = 31%.} 1-0

[Event "IM Marmaris Karia V 2019"]
[Site "Marmaris"]
[Date "2019.03.09"]
[Round "4.1"]
[White "Szabo, Bence"]
[Black "Tanriverdi, Enes"]
[Result "0-1"]
[WhiteElo "2376"]
[BlackElo "2310"]
[Annotator "TA"]
[PlyCount "118"]
[EventDate "2019.03.09"]
[EventType "schev"]
[EventCountry "TUR"]
[SourceTitle "playchess.com"]
[Source "ChessBase"]
[SourceQuality "1"]

{[%evp 21,118,39,31,10,24,13,29,32,28,-16,0,-25,-24,-46,-21,-21,-10,-12,-14,-15,-18,-15,-25,-42,0,0,0,0,80,87,84,87,89,65,65,61,81,25,29,30,69,2,96,77,70,0,0,0,0,0,0,-22,-4,-73,-65,-503,-503,-482,-457,-431,-233,-225,-225,-217,-214,-196,-195,-223,-122,-534,-275,-572,-538,-482,-478,-877,-863,-1400,-1372,-1343,-1456,-1458,-1103,-1423,-1420,-1396,-1249,-1393,-1340,-12847,-10137,-5197,-10956,-6103,-4614,-29980,-5189,-5165,-5110]} 1. Nf3 Nf6 2. c4 g6 3. Nc3 Bg7 4. g3 O-O 5. Bg2 d6 6. d4 Nbd7 7. O-O e5 8. e4 c6 9. h3 Re8 10. Re1 a6 11. Be3 b5 12. a3 {E69: King's Indian: Fianchetto: 6...Nbd7 7 0-0 e5 8 e4 c6 9 h3} (12. c5 exd4 13. Nxd4 Bb7 14. cxd6 c5 15. Nb3 Nxe4 16. Nxe4 Bxe4 17. Bxe4 Rxe4 18. Nxc5 Rxe3 19. Rxe3 Nxc5 {½-½ (27) Nielsen,P (2712)-Nithander,V (2520) Sweden 2012}) 12... exd4 13. Nxd4 Bb7 14. cxb5 {White has an edge.} axb5 $146 15. Nde2 Ne5 16. b3 c5 17. Rb1 b4 18. axb4 cxb4 19. Nd5 Nxd5 20. exd5 Ba6 {Threatens to win with ...Nd3.} 21. Qd2 Nd3 22. Red1 Qf6 {Strongly threatening ...Nxf2!} 23. Nf4 Nxf4 24. Bxf4 Re2 (24... Rab8 $11 25. Re1 Rxe1+ 26. Qxe1 Qd8) 25. Qxb4 $16 g5 26. Be3 Re8 27. Bd4 Qf5 28. Qb6 Bd3 29. Rbc1 (29. g4 $16 Qg6 30. Ra1 Bxd4 31. Qxd4) 29... Bc2 30. Rf1 {aiming for Bxg7.} Be4 {Hoping for ...Bxg2.} 31. Bxe4 (31. Rfe1 $1 $14 Bxd4 32. Qxd4 Bxg2 33. Rxe2 Rxe2 34. Kxg2) 31... R2xe4 (31... R8xe4 $11 {keeps the balance.} 32. Bxg7 Kxg7) 32. Bxg7 Kxg7 33. Kh2 (33. Qxd6 $14 R4e5 34. Qc6 (34. Rc6 Rxd5 35. Qh6+ Kg8 $16)) 33... Qe5 $11 34. Rcd1 h5 35. Rd3 h4 36. Rg1 Kh7 37. Qc7 (37. Rf3 $11 {remains equal.}) 37... Qf5 $1 $17 {( -> ...Re2)} 38. Rg2 $2 {[%mdl 8192]} (38. Qc3 $1 $15) 38... Re2 $1 $19 {[%csl LRd3,LRf2][%mdl 64] Discovered Attack} 39. Qc3 Rxf2 40. Re3 hxg3+ $40 {[%mdl 128] Black attacks with force.} (40... Rxe3 $142 41. Qxe3 Rf3) 41. Rexg3 Ree2 42. Qd4 {[#]} Rxg2+ $1 43. Rxg2 {[%mdl 4096] Endgame KQR-KQR} Re4 44. Qf2 {[#]} Qxd5 (44... Qe5+ $1 $19 45. Qg3 Kg6 46. Qxe5 dxe5) 45. Qg3 $2 {[%mdl 8192]} (45. Qf6 $17) 45... f6 46. Rf2 $2 (46. Qc3 {was the only defense.} Qe6 47. Qd3) 46... Kg6 47. Qc3 Qe5+ 48. Qxe5 (48. Qg3 $142 Qd4 49. Qg2) 48... dxe5 {KR-KR} ({Not} 48... fxe5 49. Rd2 $17) 49. Rb2 Rb4 50. Kg3 f5 51. Kf3 Kf6 52. Ke3 e4 53. Kd2 Ke5 54. Kc3 Rb8 55. b4 f4 56. b5 f3 57. b6 Rb7 58. Kc4 Kf4 (58... e3 $142 59. Kd3 e2 60. Rb5+ Kf4 61. Rb1 Rd7+ 62. Kc2 f2 63. b7 Rxb7 {[%mdl 64] Promotion} 64. Rxb7 f1=Q 65. Rb4+ Kg3 66. Rb3+ Kf4 67. Rb4+ Kg3 68. Rb3+ Kf4 69. Rb4+) 59. Kd5 e3 {Accuracy: White = 20%, Black = 51%.} 0-1

[Event "IM Marmaris Karia V 2019"]
[Site "Marmaris"]
[Date "2019.03.09"]
[Round "4.2"]
[White "Dimitrijevic, Aleksandra"]
[Black "Keler, Faruk"]
[Result "0-1"]
[WhiteElo "2139"]
[BlackElo "2291"]
[Annotator "TA"]
[PlyCount "140"]
[EventDate "2019.03.09"]
[EventType "schev"]
[EventCountry "TUR"]
[SourceTitle "playchess.com"]
[Source "ChessBase"]
[SourceQuality "1"]

{[%evp 9,140,0,12,8,7,-15,-15,-6,-6,-15,-11,-19,-15,-35,-39,-43,-33,-32,-9,-29,-9,-14,-11,-11,-8,-11,-10,-11,-10,-9,-8,-23,-4,-288,-288,-294,-284,-323,-196,-233,-238,-211,-200,-285,-289,-347,-339,-391,-389,-375,-390,-397,-389,-383,-320,-400,-335,-464,-434,-434,-435,-702,-701,-776,-776,-776,-776,-776,-776,-774,-775,-726,-540,-508,-526,-494,-494,-511,-408,-662,-662,-662,-660,-657,-653,-645,-638,-654,-652,-666,-652,-612,-599,-860,-860,-781,-765,-726,-505,-638,-620,-582,-582,-576,-572,-545,-472,-616,-534,-1714,-1804,-1397,-1225,-29971,-29971,-29978,-1421,-29976,-29977,-29976,-29977,-29977,-29978,-29978,-29979,-29980,-29981,-29981,-29982,-29982,-29983,-29985,-29981]} 1. d4 d5 2. Bf4 Nf6 3. Nc3 Bf5 (3... e6 4. Nb5 Na6 5. e3 Be7 6. Nf3 O-O 7. Bd3 c6 8. Nc3 Nb4 9. h3 Nxd3+ 10. cxd3 b6 11. O-O Bb7 {0-1 (40) Rapport,R (2731)-Giri,A (2783) Wijk aan Zee 2019}) 4. f3 h6 5. g4 Bh7 6. Qd2 $146 {D00: 1 d4 d5: Unusual lines} ({Predecessor:} 6. e3 e6 7. Bd3 Bxd3 8. Qxd3 a6 9. h4 c5 10. Nge2 Nc6 11. O-O-O {1-0 (35) Bortnyk,O (2581)-Neiksans,A (2631) Tallinn 2016}) 6... e6 7. e3 a6 8. Bd3 {The position is equal.} Bxd3 9. cxd3 c5 10. Nge2 Nc6 11. O-O-O cxd4 12. exd4 Qa5 13. Kb1 O-O-O 14. Rc1 Bd6 15. h4 Ne8 16. h5 Kb8 17. a3 Ka8 18. Rc2 Bxf4 19. Qxf4 Nd6 20. Rhc1 Rd7 21. b4 $2 {[%mdl 8192]} (21. Qe3 $11 {and White stays safe.}) 21... Qxa3 $19 22. Ra2 Qxb4+ 23. Ka1 {Rb1 is the strong threat.} e5 24. dxe5 {[#]} Qxf4 $1 25. Nxf4 Nxe5 26. Ncxd5 (26. Na4 $142 Rdd8 27. Nc5) 26... Ka7 27. Nb4 Nxf3 28. Nfd5 {Now Rxa6+! and White clings on.} Nd4 29. Kb2 Re8 30. Nc3 N6b5 31. Ne4 Rc7 32. Rca1 Re6 33. Ra5 Rb6 {Strongly threatening ...Nd6.} 34. R5a4 Nd6 35. Nc3 (35. Nxd6 $142 Rxd6 36. Re1) 35... Rc5 36. Rb1 a5 37. Ka2 Rxc3 38. Rxa5+ Kb8 39. Na6+ {[#]} Rxa6 $1 40. Rxa6 N6b5 41. Ra5 Rxd3 42. Raxb5 Nxb5 43. Rxb5 {[%mdl 4096] Endgame KR-KR} Rg3 44. Re5 (44. Rb4 $142) 44... Rxg4 45. Re7 Rf4 46. Kb3 Ka7 47. Kc3 Kb6 48. Kd3 Kc6 49. Ke3 Rf6 {Threatens to win with ...Re6+.} 50. Kd3 Rd6+ 51. Kc3 Rd7 52. Re8 Kd6 53. Kd4 Re7 54. Rg8 f5 55. Rf8 Ke6 56. Ke3 Ke5 57. Kf3 Rc7 58. Kg3 Rc3+ 59. Kh4 Rc4+ 60. Kg3 b5 {[%cal Bb7b5,Bb5b4][%mdl 32]} 61. Rb8 b4 62. Rb6 Rg4+ (62... Kd4 $142 63. Rb5 Kc3 64. Rxf5 b3 65. Rf3+ Kc2 66. Rf2+ Kb1 67. Rf7 b2 68. Kh2 Ka2 69. Rf2 Rh4+ 70. Kg3 Rxh5 71. Re2 Ka1 72. Re6 b1=Q 73. Ra6+ Qa2 74. Rxa2+ Kxa2 75. Kg2 Ra5 76. Kg1 g5 77. Kh2 h5 78. Kg2 Ra3 79. Kf2 h4 80. Kg2 h3+ 81. Kg1 g4 82. Kf2 Rf3+ 83. Ke1 h2 84. Kd2 h1=Q 85. Ke2 Qg2+ 86. Ke1 Rf1#) 63. Kh3 Kd5 {Black mates.} 64. Rb5+ Kc4 65. Rxf5 Rg5 66. Rf4+ Kc3 67. Kh4 b3 68. Rf3+ Kb4 69. Rf4+ Ka3 70. Rf8 Rb5 {Precision: White = 42%, Black = 76%.} 0-1

[Event "IM Marmaris Karia V 2019"]
[Site "Marmaris"]
[Date "2019.03.09"]
[Round "4.3"]
[White "Nagy, Gabor"]
[Black "Uzumcu, Ahmet Utku"]
[Result "1/2-1/2"]
[WhiteElo "2487"]
[BlackElo "2211"]
[Annotator "TA"]
[PlyCount "80"]
[EventDate "2019.03.09"]
[EventType "schev"]
[EventCountry "TUR"]
[SourceTitle "playchess.com"]
[Source "ChessBase"]
[SourceQuality "1"]

{[%evp 13,80,14,27,10,17,7,46,-6,73,34,30,16,18,8,15,5,23,0,102,75,101,81,96,88,93,91,74,71,96,95,85,43,44,32,166,157,193,185,160,0,0,2,16,6,0,0,8,0,0,0,0,0,0,0,0,0,0,-63,0,0,0,0,18,0,0,0,15,0,0]} 1. d4 d5 2. Nf3 Nf6 3. c4 c6 4. Qc2 g6 5. Bf4 Bg7 6. e3 O-O 7. Nc3 a6 8. c5 {D93: Grünfeld: 4 Nf3 Bg7 5 Bf4 0-0 6 e3} (8. h3 b5 9. cxd5 cxd5 10. Bd3 Nc6 11. a3 Bb7 12. O-O Rc8 13. Qe2 Na5 14. Ne5 Ne4 15. Na2 f6 {0-1 (32) Oganian,M (2454)-Andreikin,D (2705) Sochi 2017}) 8... Nbd7 9. h3 Re8 10. Bh2 (10. Be2 $14) 10... h6 $146 (10... Ne4 $11 {remains equal.}) ({Predecessor:} 10... Nf8 11. Be2 N6d7 12. O-O e5 13. b4 e4 14. Nd2 f5 15. a4 Ne6 {1-0 (34) Alvarez Pedraza,A (2526)-Dominguez Rincon,M (2048) Bogota 2012}) 11. Be2 Nh7 12. Rd1 Ng5 13. Nxg5 hxg5 14. e4 e5 15. dxe5 d4 (15... Nxe5 $11 16. O-O (16. exd5 Bf5 $15) 16... Qa5) 16. Rxd4 $16 Qe7 17. Na4 $1 Bxe5 18. Bxe5 Qxe5 19. Qc3 $1 Nf6 {[%cal Bd7f6,Bf6d5,Bd5f4][%mdl 32]} 20. Bf3 Nd5 21. Qd2 Nf4 22. b4 Ne6 23. Rd6 Qa1+ {[#]} (23... a5 $1 $14) 24. Bd1 $1 $18 Qe5 {[#]} 25. O-O $1 Nf4 26. Qd4 $2 (26. Nb6 $16 Bxh3 27. Nxa8 (27. gxh3 Nxh3+ 28. Kh1 Qxe4+ 29. Kh2 Qh4 $11) 27... Bxg2 28. Nc7) 26... Qxd4 $11 27. Rxd4 {With the idea Nb6.} Be6 28. a3 Rad8 29. Rd6 b5 $1 $36 {[%mdl 2048] ...Rxd6 is the strong threat. Black has the initiative.} 30. Nb2 Rxd6 31. cxd6 Rd8 $1 32. e5 f6 $1 33. exf6 Rxd6 {And now ...Rd2 would win.} 34. Bf3 Kf7 35. Nd1 (35. Rd1 $11 Bd5 36. Kh2) 35... Bc4 (35... Rd3 $1 $15 36. Ne3 Rxa3) 36. Re1 {The position is equal.} Rxf6 37. Kh2 Bd5 38. Re3 Bxf3 39. Rxf3 Ne6 40. Rd3 Ke7 {Accuracy: White = 35%, Black = 47%.} 1/2-1/2

[Event "IM Marmaris Karia V 2019"]
[Site "Marmaris"]
[Date "2019.03.09"]
[Round "4.4"]
[White "Bajarani, Ulvi"]
[Black "Haussernot, Cecile"]
[Result "1-0"]
[WhiteElo "2460"]
[BlackElo "2144"]
[Annotator "TA"]
[PlyCount "53"]
[EventDate "2019.03.09"]
[EventType "schev"]
[EventCountry "TUR"]
[SourceTitle "playchess.com"]
[Source "ChessBase"]
[SourceQuality "1"]

{[%evp 10,53,24,27,20,14,39,22,90,87,99,95,235,217,227,221,306,276,276,273,537,490,523,513,681,532,526,530,532,511,565,538,598,601,647,568,737,708,958,935,1522,1514,2581,2460,29979,5424]} 1. Nf3 d5 2. d4 Nf6 3. c4 c6 4. Qc2 g6 5. Bf4 Bg7 6. e3 Bf5 {D11: Slav Defence: 3 Nf3 sidelines and 3...Nf6 4 e3 Bg4} (6... O-O 7. cxd5 Bf5 8. Qb3 Bxb1 9. Rxb1 Qa5+ 10. Nd2 Nxd5 11. Bg3 e5 12. dxe5 Nd7 13. Qa3 Qxa3 14. bxa3 b5 {0-1 (57) Romanov,E (2611)-Saric,I (2689) Biograd 2018}) 7. Qb3 O-O 8. Nc3 dxc4 (8... Qb6 $11) 9. Qxb7 $16 Nh5 $146 {[#]} ({Predecessor:} 9... Nbd7 10. Bxc4 Nb6 11. Be2 Nfd5 12. Nxd5 Nxd5 13. Bg3 Qa5+ 14. Kf1 e5 15. Nxe5 Bxe5 16. Bxe5 {0-1 (41) Da Ces,P (2023)-Ahlers,B (2136) La Fere 2009}) 10. Be5 $1 {[%cal Re5g7] Strongly threatening Bxg7.} ({Much weaker is} 10. Qxa8 $6 Qb6 $11) (10. Bxc4 Nxf4 11. exf4 (11. Qxa8 Qb6 $11) 11... Nd7 $14) 10... f6 (10... Nd7 $16) 11. Bxc4+ Kh8 12. Bc7 Qd7 13. h3 (13. Qxa8 Qxc7 14. d5 e6 $14) 13... Rc8 14. g4 (14. Qxa8 Qxc7 15. g4 Na6 $16) 14... Rxc7 $2 {[#]} (14... Qxc7 15. Qxc7 (15. Qxa8 Na6 $16) 15... Rxc7 16. gxf5 Nd7 17. fxg6 hxg6) 15. Qxa8 $18 Rc8 {and the idea ...Na6 leaves Black hopeful.} 16. gxf5 gxf5 17. Bf7 Na6 18. Qxc8+ Qxc8 19. Bxh5 Nb4 20. O-O-O f4 21. e4 f5 22. a3 Na6 23. e5 e6 24. Rhg1 h6 25. Rg2 c5 26. d5 exd5 27. Rdg1 {Accuracy: White = 87%, Black =  9%.} 1-0

[Event "IM Marmaris Karia V 2019"]
[Site "Marmaris"]
[Date "2019.03.09"]
[Round "4.5"]
[White "Sibashvili, Giorgi"]
[Black "Ozkan, Taha"]
[Result "1-0"]
[WhiteElo "2419"]
[BlackElo "2019"]
[Annotator "TA"]
[PlyCount "35"]
[EventDate "2019.03.09"]
[EventType "schev"]
[EventCountry "TUR"]
[SourceTitle "playchess.com"]
[Source "ChessBase"]
[SourceQuality "1"]

{[%evp 9,35,0,22,-9,23,18,19,17,40,27,23,28,20,23,112,112,122,114,250,243,244,238,411,417,585,594,1261,1079]} 1. d4 d5 2. c4 c6 3. cxd5 cxd5 4. Bg5 (4. Nf3 Nc6 5. Nc3 Nf6 6. Bf4 Bf5 7. e3 e6 8. Bd3 Bxd3 9. Qxd3 Bd6 10. Bxd6 Qxd6 11. O-O O-O {½-½ (11) Dreev,A (2670)-Mamedyarov,S (2817) St Petersburg 2018}) 4... Nc6 5. Nc3 Qb6 6. Qd2 {D10: Slav Defence: 3 cxd5 (without early Nf3) and 3 Nc3} e6 (6... f6 $5 {[%cal Rf6g5]} 7. Bh4 Qxd4 8. Qxd4 Nxd4 $11) 7. e3 Bd7 8. Nf3 {The position is equal.} a6 $146 ({Predecessor:} 8... Nf6 9. Bxf6 gxf6 10. a3 Na5 11. Rb1 Nb3 {1-0 (31) Aagaard,G (2042)-Hernandez,A (1950) Lubbock 2018}) 9. Be2 h6 10. Bh4 Bd6 11. O-O Na5 (11... Nge7 $11 {remains equal.}) 12. e4 $16 dxe4 13. Nxe4 Be7 {[#]} (13... Bb4 $16 {was necessary.} 14. Qe3 Be7) 14. Bxe7 $1 $18 Nxe7 15. Ne5 {Black must now prevent b4.} Bb5 $2 {[#]} (15... Nd5 {is a better defense.} 16. Rac1 Bb5) 16. b4 $1 Nac6 (16... Nf5 {was worth a try.} 17. bxa5 Qxd4 18. Bxb5+ axb5 19. Qxd4 {[%mdl 64] Overworked Piece} Nxd4 20. Nd6+ {[%mdl 64] Double Attack} Ke7 21. Ndxf7 Ne2+ 22. Kh1 Rhc8) 17. Nd6+ Kf8 18. Nd7+ {[%mdl 64] Double Attack. Accuracy: White = 75%, Black = 23%.} 1-0

[Event "IM Marmaris Karia V 2019"]
[Site "Marmaris"]
[Date "2019.03.10"]
[Round "5.1"]
[White "Tanriverdi, Enes"]
[Black "Dimitrijevic, Aleksandra"]
[Result "1-0"]
[WhiteElo "2310"]
[BlackElo "2139"]
[Annotator "NA"]
[PlyCount "77"]
[EventDate "2019.03.09"]
[EventType "schev"]
[EventCountry "TUR"]
[SourceTitle "playchess.com"]
[Source "ChessBase"]
[SourceQuality "1"]
[TimeControl "5400+30"]

1. d4 {[%emt 0:00:30]} d6 {[%emt 0:01:30]} 2. Nf3 {[%emt 0:01:30]} Nf6 {[%emt 0:00:30]} 3. c4 {[%emt 0:00:00]} c6 {[%emt 0:02:30]} 4. Nc3 {[%emt 0:00:00]} Bf5 {[%emt 0:00:30]} 5. g3 {[%emt 0:00:30]} h6 {[%emt 0:00:30]} 6. Bg2 {[%emt 0:00:30]} Nbd7 {[%emt 0:00:30]} 7. O-O {[%emt 0:00:30]} e5 {[%emt 0:00:30]} 8. Nh4 {[%emt 0:02:30]} Bh7 {[%emt 0:03:30]} 9. e4 {[%emt 0:00:30]} Be7 {[%emt 0:03:30]} 10. Nf5 {[%emt 0:00:00]} Bxf5 {[%emt 0:00:30]} 11. exf5 {[%emt 0:00:00]} Qc7 {[%emt 0:02:30]} 12. d5 {[%emt 0:00:30]} c5 {[%emt 0:00:30]} 13. Re1 {[%emt 0:00:30]} a6 {[%emt 0:00:30]} 14. a4 {[%emt 0:01:30]} b6 {[%emt 0:01:30]} 15. b3 {[%emt 0:01:30]} O-O {[%emt 0:00:30]} 16. Qf3 {[%emt 0:00:30]} Rfe8 {[%emt 0:01:30]} 17. Bd2 {[%emt 0:03:30]} Nh7 {[%emt 0:02:30]} 18. h4 {[%emt 0:02:30]} a5 {[%emt 0:00:30]} 19. Bf1 {[%emt 0:02:30]} Bf6 {[%emt 0:01:30]} 20. Ne4 {[%emt 0:00:30]} Be7 {[%emt 0:04:30]} 21. Bd3 {[%emt 0:00:30]} Ndf6 {[%emt 0:00:30]} 22. Nc3 {[%emt 0:00:30]} Nd7 {[%emt 0:00:30]} 23. Kg2 {[%emt 0:00:30]} Bf6 {[%emt 0:00:30]} 24. Ne4 {[%emt 0:00:30]} Kf8 {[%emt 0:00:30]} 25. Rh1 {[%emt 0:00:30]} Ke7 {[%emt 0:00:00]} 26. g4 {[%emt 0:00:30]} Kd8 {[%emt 0:00:00]} 27. g5 {[%emt 0:00:30]} Be7 {[%emt 0:00:30]} 28. f6 {[%emt 0:00:30]} gxf6 {[%emt 0:00:30]} 29. gxh6 {[%emt 0:00:30]} Kc8 {[%emt 0:01:30]} 30. Qf5 {[%emt 0:00:30]} Rh8 {[%emt 0:00:30]} 31. Kf3 {[%emt 0:00:00]} Qd8 {[%emt 0:01:30]} 32. Rag1 {[%emt 0:00:00]} Kc7 {[%emt 0:00:30]} 33. Rg7 {[%emt 0:00:30]} Nhf8 {[%emt 0:00:30]} 34. h5 {[%emt 0:00:30]} Qe8 {[%emt 0:00:30]} 35. Rhg1 {[%emt 0:00:30]} Rd8 {[%emt 0:00:30]} 36. Ke2 {[%emt 0:00:30]} Kb8 {[%emt 0:00:30]} 37. Be3 {[%emt 0:00:30]} Kc7 {[%emt 0:00:30]} 38. Rg8 {[%emt 0:00:30]} Rh7 {[%emt 0:00:30]} 39. R1g7 1-0